Management in the early years /

Child care in perspective. A management model. Managing children's needs. Managing the environment. Managing an early years curriculum. Managing children's behaviour...

Saved in:
Bibliographic Details
Main Author: Lyus, Verna.
Format: Book
Language:English
Published: London : Hodder and Stoughton, 1998.
Subjects:
Tags: Add Tag
No Tags, Be the first to tag this record!
Institutions: Mạng thư viện Đại học Đà Nẵng
LEADER 01043cam a2200349 i 4500
001 000049208
003 8943
005 20030326145520.0
008 010319|1998 vm 000 eng
020 |a 0340701331 
040 |a IRC  |c IRC  |d IRC 
041 0 |a eng 
082 1 4 |a 362.712068  |b LY-V 
100 1 |a Lyus, Verna. 
245 0 0 |a Management in the early years /  |c Verna Lyus. 
260 |a London :  |b Hodder and Stoughton,  |c 1998. 
300 |a v, 216 p. :  |b ill. ;  |c 24.6cm. 
520 3 |a Child care in perspective. A management model. Managing children's needs. Managing the environment. Managing an early years curriculum. Managing children's behaviour... 
630 0 4 |a Management. 
630 0 4 |a Child development. 
650 0 4 |a Child development. 
650 0 4 |a Day care centers  |x Management. 
OWN |a DUT 
999 |a From the UDN01 
TYP |a Monograph 
TYP |a Printed language 
980 |a Mạng thư viện Đại học Đà Nẵng